Religion Quiz

Random Religion or Book Quiz

Multiple Choice: Books of the Old Testament Spelling Quiz Stats

 Plays Quiz Updated Apr 18, 2019

Score 0/20 Timer 05:00
0 Plays Today
Question Answer Wrong Answers
Second Book Exodus
94.9%
Exodis
0.4%
Exadus
0.4%
Exotus
0.4%
First Book Genesis
94.5%
Genesys
0.5%
Ginesis
0.4%
Geneses
0.7%
Third Book Leviticus
91.7%
Liveticus
1.3%
Leviticos
0.2%
Leviticis
3.2%
Twenty-Fourth Book Jeremiah
91%
Jermaine
0.3%
Jeramiah
3.8%
Jaremiah
0.7%
Nineteenth Book Psalms
89.3%
Palms
0.6%
Psalm
3.5%
Psalsms
2.4%
Twenty-Third Book Isaiah
89.2%
Isiah
3.7%
Issaiah
2%
Isaiaah
1%
Thirty-Ninth Book Malachi
88.8%
Malahci
2.4%
Malichi
1.7%
Malechi
3%
Thirty-First Book Obadiah
88.5%
Obahdiah
5.4%
Obadiahs
1.2%
Obadah
1.2%
Thirty-Third Book Micah
88.3%
Michah
5%
Micha
1.9%
Malcha
0.8%
Thirteenth Book 1 Chronicles
87.9%
2 Chronicle
2%
1 Chronicle
5.5%
1 Chronicled
0.4%
Twenty-Fifth Book Lamentations
86.1%
Limitations
0.8%
Lamenations
6.4%
Lementations
2.8%
Thirty-Sixth Book Zephaniah
85.8%
Zephanaih
2.9%
Zephania
5.2%
Ziphaniah
2.1%
Twenty-Sixth Book Ezekiel
85.2%
Ezekial
7%
Ezeckiel
2.8%
Ezeckial
1.1%
Fifth Book Deuteronomy
84.6%
Dueteronomy
7.6%
Dichotomy
0.7%
Deuteronamy
3.3%
Sixteenth Book Nehemiah
83.5%
Nehamiah
7.5%
Nehemia
2.4%
Nihemiah
2.5%
Twenty-Eighth Book Hosea
81.1%
Josea
5.5%
Hosia
2.2%
Hoseah
7.4%
Twenty-First Book Ecclesiastes
78.9%
Ecclesiasties
12.4%
Eclesiastes
4.4%
Eclastically
0.4%
Thirty-Seventh Book Haggai
76.4%
Haggah
12.6%
Haggaih
2.8%
Hagga
4.1%
Thirty-Fifth Book Habakkuk
59%
Habukkuk
25.1%
Habakkak
5.9%
Habekkuk
5.8%
Thirty-Eighth Book Zechariah
50.5%
Zachariah
40.3%
Zecharia
0.7%
Zecheriah
4.8%

You're not logged in!

Compare scores with friends on all Sporcle quizzes.
OR
Log In

Show Comments

Extras

Top Quizzes Today


Score Distribution

Your Account Isn't Verified!

In order to create a playlist on Sporcle, you need to verify the email address you used during registration. Go to your Sporcle Settings to finish the process.

Report this User

Report this user for behavior that violates our Community Guidelines.

Details: